000 01086 a2200205 4500
001 22521
005 20260407155516.0
008 260407a1969 arg spa d
003 AR-UNSa-BCEJYS
040 _aAR-UNSa-BCEJYS
_bspa
_cAR-UNSa-BCEJYS
080 _a336.226.3
_xImpuestos por el uso de los ingresos. Impuestos al consumo. IVA
245 1 0 _aEl impuesto al valor agregado
264 1 _aBuenos Aires :
_bDepalma
_c1969
300 _axvii, 266 p.
_c23 cm.
505 _a1. Conceptos generales - 2. Experiencias concretas del impuesto al valor agregado - 3. Concepto y técnicas de aplicación del impuesto al valor agregado - 4. El problema de la traslación del impuesto - 5. Justificación teórica del impuesto a las ventas - 6. Efectos económicos del impuesto al valor agregado con relación a otras formas opcionales - 7. El problema del impuesto a las ventas en la comunidad europea - 8. Problemas transitorios de la reforma en Italia.
942 _cBK
590 _aniveau_biblio:m niveau_hierar:0
100 1 _aGiuliani Fonrouge, Carlos M.
700 1 _aCosciani, Cesare
999 _c1032
_d1032